Statistics for Real Madrid squad 2019-2020

Click here to take the quiz!

General Stats

  • This quiz has been taken 1,529 times
    (1,500 since last reset)
  • The average score is 26 of 30

Answer Stats

PositionNationNumberAnswer% Correct
CBSpain4Sergio Ramos
99%
RWWales11Gareth Bale
98%
STFrance9Karim Benzema
98%
GKCosta Rica1Keylor Navas
98%
CMCroatia10Luka Modric
98%
LBBrazil12Marcelo
97%
CMGermany8Toni Kroos
97%
CBFrance5Raphael Varane
96%
GKBelgium13Thibaut Courtois
96%
CDMBrazil14Casemiro
95%
RBSpain2Dani Carvajal
95%
GKFrance30Luca Zidane
92%
CoachFrance-Zinedine Zidane
92%
LWBelgium50Eden Hazard
91%
LWBrazil28Vinicius Junior
91%
CMUruguay15Federico Valverde
90%
CAMColombia-James Rodriguez
88%
CBSpain6Nacho Fernanadez
88%
STSerbia18Luka Jovic
87%
LBFrance23Ferland Mendy
86%
CAMSpain22Isco
86%
STDom. Republic7Mariano Diaz
86%
RWBrazil27Rodrygo
85%
LWSpain20Marco Asensio
84%
RWSpain17Lucas Vazquez
78%
CBBrazil-Eder Militao
77%
RMJapan26Takefuso Kubo
73%
GKUkraine-Andriy Lunin
71%
RBSpain19Alvaro Odriozola
62%
CBSpain3Jesus Vallejo
58%

Score Distribution

Percentile by Number Answered

Percent of People with Each Score

Your Score History

You have not taken this quiz since the last reset